| 000 | 00546nam a22001337a 4500 | ||
|---|---|---|---|
| 040 | _cRUA | ||
| 082 | _aAGR YAN 2015 B520 Or.1 | ||
| 100 | _aYAN YUN; យ៉ាន យ៉ុន | ||
| 245 | _aComparison of cherry tomato lines with heat tolerance and high yeilding; ការប្រៀបធៀបស្រឡាយប៉េងបោះ CHERRY ដែលធន់កម្ដៅ និងផ្ដល់ទន្នផលខ្ពស់ | ||
| 260 |
_aPhnom Penh _bYAN _c2015 |
||
| 300 |
_axii;47p. _bill. _c29cm. |
||
| 856 | _uYAN YUN | ||
| 942 | _cAGR | ||
| 999 |
_c10739 _d10739 |
||